000 00405 a2200169 4500
001 73047
020 _a8510032912
040 _cAnchieta - Colégio São Paulo
100 _aCamargo, Rosiane de
240 1 0 _aPassaporte para a história
_lpor
245 1 0 _aPassaporte para a história
300 _a383
362 0 _a2005
440 1 _aEditora do Brasil
650 4 _aHistória do mundo
942 _cBK
999 _c73047
_d73047